مكتبة جامعة عجلون الوطنية

فهرس بحث المكتبة

إمكانية توظيف تطبيقات الذكاء الاصطناعي تقنية مساندة للتعلم الفردي للطلبة ذوي صعوبات التعلم من وحهة نظر المعلمين = The Possibility of Employing Artificial Intelligence Applications a Tachnology that Supports Individual Learning for Students with Learning Disabilities : A View of Teachers / (Record no. 33909)

MARC details
000 -LEADER
fixed length control field 01397nam a22002057a 4500
003 - CONTROL NUMBER IDENTIFIER
control field JO-AjAnu
005 - DATE AND TIME OF LATEST TRANSACTION
control field 20250323100317.0
008 - FIXED-LENGTH DATA ELEMENTS--GENERAL INFORMATION
fixed length control field 250317b jo ||||| |||| 00| 0 ara d
040 ## - CATALOGING SOURCE
Original cataloging agency JO-AjAnu
Language of cataloging ara
Transcribing agency JO-AjAnu
Modifying agency JO-AjAnu
Description conventions rda
041 ## - LANGUAGE CODE
Language code of text/sound track or separate title ara
Language code of original ara
050 ## - LIBRARY OF CONGRESS CALL NUMBER
Classification number LB1028.3
Item number 2025
100 #1 - MAIN ENTRY--PERSONAL NAME
Personal name بني اسماعيل، رائد عبدالكريم محمد
Relator term معد
9 (RLIN) 66531
245 #0 - TITLE STATEMENT
Title إمكانية توظيف تطبيقات الذكاء الاصطناعي تقنية مساندة للتعلم الفردي للطلبة ذوي صعوبات التعلم من وحهة نظر المعلمين = The Possibility of Employing Artificial Intelligence Applications a Tachnology that Supports Individual Learning for Students with Learning Disabilities : A View of Teachers /
Statement of responsibility, etc. اعداد رائد عبدالكريم محمد بني اسماعيل ؛ اشراف برهان محمود حمادنة
260 ## - PUBLICATION, DISTRIBUTION, ETC.
Date of publication, distribution, etc. 2025
300 ## - PHYSICAL DESCRIPTION
Extent 81 ورقة
504 ## - BIBLIOGRAPHY, ETC. NOTE
Bibliography, etc. note رسالة جامعية ( رسالة ماجستير في صعوبات التعلم) - جامعة عجلون الوطنية، (عجلون، الاردن) - كلية العلوم التربوية، قسم التربية الخاصة، 2025.
650 #0 - SUBJECT ADDED ENTRY--TOPICAL TERM
Topical term or geographic name entry element التعليم الالكتروني - الذكاء الاصطناعي - التعليم.
9 (RLIN) 66532
700 #1 - ADDED ENTRY--PERSONAL NAME
Personal name حمادنة، برهان محمود
Relator term مشرف
9 (RLIN) 66032
942 ## - ADDED ENTRY ELEMENTS (KOHA)
Source of classification or shelving scheme Library of Congress Classification
Koha item type Thesis
Suppress in OPAC No
Holdings
Withdrawn status Lost status Source of classification or shelving scheme Damaged status Not for loan Home library Current library Date acquired Total Checkouts Full call number Barcode Date last seen Price effective from Koha item type
    Library of Congress Classification     مكتبة جامعة عجلون الوطنية مكتبة جامعة عجلون الوطنية 17/03/2025   LB1028.3 2025 a30203 17/03/2025 17/03/2025 Thesis
    Library of Congress Classification     مكتبة جامعة عجلون الوطنية مكتبة جامعة عجلون الوطنية 17/03/2025   LB1028.3 2025 a30202 17/03/2025 17/03/2025 Thesis